Dos informes (segunda parte)

Na minha lista:
Detalhes bibliográficos
Formato: Texto
Assuntos:
Tags: Adicionar Tag
Sem tags, seja o primeiro a adicionar uma tag!

MARC

LEADER 00000 a a2200000 04500
001 6246
003
040
245 |a Dos informes (segunda parte)  
650 |a INFORMES ANUALES  
650 |a GOBIERNO LOCAL  
650 |a ADMINISTRACION  
650 |a POLITICA  
773 |g volumen 18, número 810; páginas 13  
999 |c 24673  |d 24673